000 01698cam a2200169 4500500
005 20260208010711.0
041 _afre
042 _adc
100 1 0 _aVerdeau, Patricia
_eauthor
245 0 0 _aBrigitte Sitbon-Peillon, Religion, métaphysique et sociologie chez Bergson. Une expérience intégrale, Paris, puf, coll. « Philosophie d’aujourd’hui », 2009, 352 p., 27 €
260 _c2010.
500 _a19
520 _aRésuméÀ partir du thème élaboré par Hobbes de la nécessité d’un passage de la multitude au peuple pour fonder l’État absolu, Giorgio Agamben se demande si l’on peut penser la puissance humaine à partir de la seule « gloire » de Dieu, c’est‑à‑dire de l’affirmation absolue de son impuissance. L’originalité d’Agamben est de faire de cette notion théologique un paradigme politique dérivé des notions juridiques d’ Homo sacer et de sacratio.
520 _aBiopolitics, state of exception, and power in Giorgio AgambenStarting from the theme elaborated by Hobbes of the necessity of a passage from the multitudes to a people to permit the foundation of an Absolute state, Giorgio Agamben wonders whether one may establish human power from the starting point of God’s “glory“ alone, i.e. the absolute affirmation of His powerlessness. Agamben’s originality rests in turning such a theological notion into a political paradigm derived from the legal notions of both Homo sacer and sacratio.
786 0 _nRevue philosophique de la France et de l'étranger | 135 | 3 | 2010-09-06 | p. 395h-404h | 0035-3833
856 4 1 _uhttps://shs.cairn.info/revue-philosophique-2010-3-page-395h?lang=fr&redirect-ssocas=7080
999 _c1657768
_d1657768